[Event "Collado Villalba op 38th"]
[Site "Collado Villalba"]
[Date "2021.08.24"]
[Round "4"]
[White "Castelllanos, Jorge"]
[Black "Pastor Alonso de Prado, Emilio Alberto"]
[Result "1-0"]
[WhiteElo "2279"]
[BlackElo "2066"]
[PlyCount "99"]
[EventDate "2021.08.21"]
[EventType "swiss"]
[EventRounds "9"]
[EventCountry "ESP"]
[SourceTitle "CBM 204 Extra"]
[Source "ChessBase"]
[SourceDate "2021.11.30"]
[SourceVersion "1"]
[SourceVersionDate "2021.11.30"]
[SourceQuality "1"]

1. e4 d6 2. d4 Nf6 3. Nc3 g6 4. Nf3 Bg7 5. Be2 0-0 6. 0-0 a6 7. a4 Nc6 8. Re1 Bg4 9. h3 Bxf3 10. Bxf3 e5 11. dxe5 dxe5 12. Bg5 Nd4 13. Nd5 c6 14. Ne3 Qc7 15. c3 Ne6 16. Bxf6 Bxf6 17. a5 Bg5 18. Nc4 Rad8 19. Qc2 h5 20. g3 h4 21. Bg4 hxg3 22. fxg3 Qe7 23. Kg2 Ng7 24. Rad1 Rxd1 25. Qxd1 Rd8 26. Qf3 Ne8 27. h4 Bh6 28. Rd1 Rxd1 29. Qxd1 Nf6 30. Bf3 Bf8 31. b3 Nd7 32. Bg4 Nf6 33. Qf3 Nxg4 34. Qxg4 Bg7 35. h5 gxh5 36. Qxh5 Qd7 37. Qf3 c5 38. Kf2 Qh3 39. Ne3 Qh2+ 40. Qg2 Qh6 41. Ke2 c4 42. Nxc4 Qc1 43. Qf3 Qc2+ 44. Kf1 Qxb3 45. Nd6 Bh6 46. Nf5 Qb1+ 47. Kg2 Qc2+ 48. Kh3 Qd2 49. Qg4+ Qg5 50. Nxh6+ 1-0

[Event "Collado Villalba op 38th"]
[Site "Collado Villalba"]
[Date "2021.08.23"]
[Round "3"]
[White "Cuellar Gutierrez, Raul"]
[Black "Castelllanos, Jorge"]
[Result "0-1"]
[WhiteElo "2006"]
[BlackElo "2279"]
[PlyCount "140"]
[EventDate "2021.08.21"]
[EventType "swiss"]
[EventRounds "9"]
[EventCountry "ESP"]
[SourceTitle "CBM 204 Extra"]
[Source "ChessBase"]
[SourceDate "2021.11.30"]
[SourceVersion "1"]
[SourceVersionDate "2021.11.30"]
[SourceQuality "1"]

1. d4 Nf6 2. Nf3 e6 3. g3 b6 4. Bg2 Bb7 5. c4 Bb4+ 6. Bd2 Be7 7. Nc3 d6 8. 0-0 Nbd7 9. Qc2 0-0 10. Rfd1 c5 11. dxc5 Nxc5 12. Bf4 Qb8 13. b4 Ncd7 14. Rac1 Rc8 15. Qb3 a6 16. Ng5 Bxg2 17. Kxg2 h6 18. Nge4 Ne8 19. f3 Ra7 20. Na4 b5 21. cxb5 Rxc1 22. Rxc1 axb5 23. Nac5 Nf8 24. Nd3 Qa8 25. Rc2 Ra3 26. Qb2 Nd7 27. Bc1 Ra6 28. Be3 Rc6 29. Qc1 Rxc2 30. Qxc2 f5 31. Nc3 Qc6 32. Qb3 Kf7 33. Bd4 Qc4 34. Qxc4 bxc4 35. Nb2 d5 36. a3 e5 37. Bf2 d4 38. Na2 Nd6 39. a4 c3 40. Nd3 Nc4 41. a5 Ke6 42. Be1 g5 43. Nxc3 dxc3 44. Bxc3 e4 45. fxe4 fxe4 46. Nf2 Ne3+ 47. Kh3 Nd5 48. Bg7 e3 49. Nd1 Bxb4 50. Bxh6 Kf6 51. Kg4 Ne5+ 52. Kh5 Nf7 53. a6 Nxh6 54. a7 Nc7 55. a8Q Nxa8 56. Nxe3 Bc5 57. Nd5+ Ke5 58. Kxh6 Kxd5 59. Kxg5 Nc7 60. h4 Ke6 61. h5 Be3+ 62. Kg6 Nd5 63. g4 Ne7+ 64. Kg7 Bd4+ 65. Kf8 Be3 66. Kg7 Nd5 67. h6 Bd4+ 68. Kg6 Nf4+ 69. Kh7 Kf7 70. g5 Ng6 0-1

[Event "Santa Lucia op 2nd"]
[Site "Santa Lucia"]
[Date "2008.07.18"]
[Round "5.10"]
[White "Castelllanos, Jorge"]
[Black "Capote Robayna, Johanna"]
[Result "1-0"]
[WhiteElo "2136"]
[BlackElo "1618"]
[PlyCount "61"]
[EventDate "2008.07.14"]
[EventType "swiss"]
[EventRounds "7"]
[EventCountry "ESP"]
[SourceTitle "EXT 2024"]
[Source "ChessBase"]
[SourceDate "2023.10.10"]
[SourceVersion "1"]
[SourceVersionDate "2023.10.10"]
[SourceQuality "1"]

1. e4 c5 2. Nf3 d6 3. Bb5+ Bd7 4. a4 a6 5. Bxd7+ Qxd7 6. a5 Nc6 7. d3 g6 8. Nc3 Bg7 9. Nd5 Rb8 10. Nb6 Qc7 11. Nc4 Nf6 12. Bf4 Nh5 13. Bd2 0-0 14. Qc1 Nd4 15. Nxd4 Bxd4 16. g4 Nf6 17. c3 Be5 18. f4 d5 19. Nxe5 dxe4 20. g5 Nh5 21. dxe4 f6 22. Ng4 fxg5 23. fxg5 Ng3 24. Rg1 Nxe4 25. Qc2 Nxd2 26. Qxd2 Rbd8 27. Qe3 Qc6 28. Nh6+ Kg7 29. Qe5+ Rf6 30. gxf6+ Kxh6 31. Qg5# 1-0

[Event "Santa Lucia op 2nd"]
[Site "Santa Lucia"]
[Date "2008.07.17"]
[Round "4.6"]
[White "Camino Carrio, Nicanor"]
[Black "Castelllanos, Jorge"]
[Result "1-0"]
[WhiteElo "2197"]
[BlackElo "2136"]
[PlyCount "71"]
[EventDate "2008.07.14"]
[EventType "swiss"]
[EventRounds "7"]
[EventCountry "ESP"]
[SourceTitle "EXT 2024"]
[Source "ChessBase"]
[SourceDate "2023.10.10"]
[SourceVersion "1"]
[SourceVersionDate "2023.10.10"]
[SourceQuality "1"]

1. e4 e6 2. d4 d5 3. Nc3 dxe4 4. Nxe4 Nd7 5. Nf3 Ngf6 6. Ned2 Be7 7. Bd3 c5 8. c3 cxd4 9. cxd4 Nb6 10. 0-0 0-0 11. a4 Bd7 12. a5 Nbd5 13. Ne4 Rc8 14. Ne5 Qc7 15. Bg5 Rfd8 16. Qe2 Be8 17. Rfc1 Qb8 18. Bb5 h6 19. Bxf6 Bxf6 20. g3 Bxe5 21. Bxe8 Rxc1+ 22. Rxc1 Bf4 23. Bxf7+ Kxf7 24. gxf4 Qxf4 25. Re1 Qf5 26. Nc5 Kg8 27. Nd3 Kh8 28. Qe4 Nf6 29. Qxf5 exf5 30. Nc5 Rxd4 31. Re7 b5 32. Ne6 Re4 33. a6 b4 34. f3 Re3 35. Kg2 f4 36. Nxf4 1-0

[Event "Santa Lucia op 2nd"]
[Site "Santa Lucia"]
[Date "2008.07.15"]
[Round "2.13"]
[White "Arana Hernandez, Moises"]
[Black "Castelllanos, Jorge"]
[Result "1/2-1/2"]
[WhiteElo "1641"]
[BlackElo "2136"]
[PlyCount "41"]
[EventDate "2008.07.14"]
[EventType "swiss"]
[EventRounds "7"]
[EventCountry "ESP"]
[SourceTitle "EXT 2024"]
[Source "ChessBase"]
[SourceDate "2023.10.10"]
[SourceVersion "1"]
[SourceVersionDate "2023.10.10"]
[SourceQuality "1"]

1. Nf3 Nf6 2. c4 e6 3. b3 Be7 4. Bb2 b6 5. e3 Bb7 6. Bd3 0-0 7. Na3 d5 8. 0-0 Nbd7 9. Rc1 a6 10. cxd5 exd5 11. Bf5 Bd6 12. Qc2 Qe7 13. Nd4 c5 14. Ne2 Rfe8 15. d4 Ne4 16. Qd3 g6 17. Bh3 f5 18. g3 Rac8 19. Rc2 h6 20. Rfc1 Kh7 21. Nf4 1/2-1/2